[Event "Aktiv-Alliancen 2000"]
[Site "Taastrup"]
[Date "2000.01.29"]
[Round "5"]
[White "Nielsen, Dagh"]
[Black "Andersen, Nick Brix"]
[Result "1/2-1/2"]
[WhiteElo "1744"]
[BlackElo "1450"]
[PlyCount "107"]
[EventDate "2000.??.??"]


1. e4 d5 2. exd5 Nf6 3. d4 Bg4 4. f3 Bf5 5. Bb5+ Nbd7 6. Nc3 a6 7. Ba4 b5 8.
Bb3 Nb6 9. Nge2 Nbxd5 10. Nxd5 Nxd5 11. Ng3 Bg6 12. O-O e6 13. Ne4 Be7 14. c3
O-O 15. Kh1 Nf6 16. Nc5 Re8 17. Bg5 Nd7 18. Bxe7 Rxe7 19. Ne4 Nb6 20. Qe2 c6
21. Rfe1 Nd5 22. Bxd5 cxd5 23. Nc5 Qb6 24. b4 Rea7 25. a4 bxa4 26. Rxa4 Qb5 27.
Ra5 Qc6 28. Rea1 Qc7 29. Rxa6 Rxa6 30. Rxa6 Rxa6 31. Qxa6 h6 32. Qe2 Qa7 33.
Qe1 Bc2 34. Kg1 Qa3 35. Kf2 Ba4 36. Nxa4 Qxa4 37. Qb1 Qb5 38. Ke3 f6 39. h4 Kf7
40. f4 f5 41. Qd3 Qa4 42. b5 Qb3 43. c4 Qb4 44. c5 Ke7 45. h5 Kd7 46. Kf3 Qe1
47. Qe2 Qh4 48. c6+ Kc7 49. Qxe6 Qg4+ 50. Ke3 Qg3+ 51. Kd2 Qxf4+ 52. Kc3 Qc1+
53. Kb4 Qc4+ 54. Ka5 1/2-1/2

[Event "Aktiv-Alliancen 2000"]
[Site "Taastrup"]
[Date "2000.01.29"]
[Round "5"]
[White "Lauritsen, Martin Lee"]
[Black "Dalso, Harry"]
[Result "0-1"]
[WhiteElo "1100"]
[BlackElo "1718"]
[PlyCount "138"]
[EventDate "2000.??.??"]


1. d4 Nf6 2. c4 e5 3. dxe5 Ng4 4. Nf3 Bc5 5. e3 Nc6 6. Qd5 Qe7 7. Nc3 Ngxe5 8.
Nxe5 Nxe5 9. Nb5 c6 10. Nc7+ Kd8 11. Qd1 Kxc7 12. Be2 d6 13. O-O Qg5 14. f4 Qe7
15. fxe5 dxe5 16. Kh1 Be6 17. b3 f6 18. Qc2 Rad8 19. e4 Rd7 20. Bb2 Rhd8 21.
Rad1 Bd4 22. Bxd4 Rxd4 23. Bf3 Qb4 24. h3 Rd2 25. Qb1 Qa3 26. Rxd2 Rxd2 27. Rd1
Qxa2 28. Qc1 Rxd1+ 29. Qxd1 Qf2 30. Qa1 Bxh3 31. Qa3 Bd7 32. c5 Qe1+ 33. Kh2 a5
34. Qa2 Qb4 35. Qc2 Be6 36. Bd1 Qd4 37. Bf3 g6 38. g4 f5 39. gxf5 gxf5 40. exf5
Qf4+ 41. Kg2 Bxf5 42. Qc3 e4 43. Qxa5+ Kb8 44. Qd8+ Bc8 45. Qe7 Qxf3+ 46. Kg1
Qg3+ 47. Kf1 e3 48. Ke2 Qf2+ 49. Kd3 Qd2+ 50. Ke4 Qd5+ 51. Kxe3 Qe6+ 52. Qxe6
Bxe6 53. b4 Ka7 54. Kf4 Ka6 55. Kg5 Kb5 56. Kh6 Bf5 57. Kg5 Bg6 58. Kh6 Kxb4
59. Kg5 Kxc5 60. Kh6 b5 61. Kg5 Kd4 62. Kf4 c5 63. Kf3 Kd3 64. Kf2 c4 65. Ke1
Bh5 66. Kf2 c3 67. Kg3 c2 68. Kf2 c1=B 69. Kf1 b4 0-1

[Event "Aktiv-Alliancen 2000"]
[Site "Taastrup"]
[Date "2000.01.29"]
[Round "5"]
[White "Thogersen, Kim"]
[Black "Jorgensen, Morten"]
[Result "1-0"]
[WhiteElo "1636"]
[BlackElo "1117"]
[PlyCount "109"]
[EventDate "2000.??.??"]


1. d4 Nf6 2. c4 g6 3. Nc3 d5 4. cxd5 Nxd5 5. e4 Nxc3 6. bxc3 Bg7 7. Bc4 O-O 8.
Be3 c5 9. Qd2 Nc6 10. Ne2 Na5 11. Bd3 c4 12. Bc2 b5 13. O-O e6 14. Rab1 a6 15.
Bg5 f6 16. Bh6 g5 17. Bxg7 Kxg7 18. Ng3 Ra7 19. f4 Raf7 20. Qe2 f5 21. exf5
exf5 22. Qe5+ Kg8 23. Rfe1 Nc6 24. Qc5 gxf4 25. Qxc6 fxg3 26. Re5 gxh2+ 27. Kh1
Qg5 28. Qf3 Qg4 29. Qf2 Rg7 30. Rbe1 Bb7 31. d5 Rgf7 32. Bd1 Qg6 33. Bf3 Qh6
34. Qd4 Qg7 35. Qe3 f4 36. Qe2 Qf6 37. Qd2 Qd6 38. Re6 Qd8 39. Bh5 Rf5 40. Re8
Qxd5 41. Qe2 f3 42. Bxf3 Qf7 43. Rxf8+ Kxf8 44. Bxb7 Rf2 45. Qe5 Rf1+ 46. Rxf1
Qxf1+ 47. Kxh2 Qf2 48. Qh8+ Ke7 49. Qxh7+ Kf6 50. Qh6+ Ke5 51. Qg5+ Qf5 52.
Qxf5+ Kxf5 53. Bxa6 b4 54. cxb4 c3 55. Bd3+ 1-0

[Event "Aktiv-Alliancen 2000"]
[Site "Taastrup"]
[Date "2000.01.29"]
[Round "5"]
[White "Christiansen, Erling Molbaek"]
[Black "Holst, Thorsten"]
[Result "1/2-1/2"]
[WhiteElo "1805"]
[BlackElo "1411"]
[PlyCount "51"]
[EventDate "2000.??.??"]


1. e4 c5 2. Nf3 d6 3. d4 cxd4 4. Nxd4 Nf6 5. Nc3 g6 6. Be2 Bg7 7. Be3 O-O 8.
O-O Nc6 9. Qd2 Bd7 10. Kh1 Rc8 11. f4 Nxd4 12. Bxd4 Bc6 13. Bf3 Qa5 14. Qf2 b6
15. a3 Qa6 16. Rfe1 Qb7 17. Rad1 Rfd8 18. b4 Qc7 19. e5 dxe5 20. Bxe5 Qb7 21.
Rxd8+ Rxd8 22. Bxc6 Qxc6 23. h3 Ne8 24. b5 Qc8 25. Bxg7 Nxg7 26. Ne4 1/2-1/2

[Event "Aktiv-Alliancen 2000"]
[Site "Taastrup"]
[Date "2000.01.29"]
[Round "5"]
[White "Pedersen, Bent O"]
[Black "Christoffersen, Eskild"]
[Result "1-0"]
[WhiteElo "1751"]
[BlackElo "1508"]
[PlyCount "45"]
[EventDate "2000.??.??"]


1. e4 c6 2. d4 d5 3. e5 Bf5 4. Nc3 e6 5. g4 Bg6 6. Nge2 Bb4 7. Bd2 Ne7 8. h4 h5
9. Nf4 hxg4 10. Nxg6 Nxg6 11. h5 Nh4 12. Qxg4 Nf5 13. Bd3 g6 14. O-O-O Bxc3 15.
Bxc3 Nh6 16. Qg2 g5 17. Bd2 Rg8 18. Rdg1 Nd7 19. Bxg5 Qa5 20. Kb1 c5 21. Qf3 c4
22. Bxh6 Rxg1+ 23. Rxg1 1-0

[Event "Aktiv-Alliancen 2000"]
[Site "Taastrup"]
[Date "2000.01.29"]
[Round "5"]
[White "Kaaber Hansen, Jacob"]
[Black "Dencker, Martin"]
[Result "1-0"]
[WhiteElo "1703"]
[BlackElo "1355"]
[PlyCount "131"]
[EventDate "2000.??.??"]


1. d4 d5 2. Nc3 Nf6 3. Bg5 e6 4. e4 Be7 5. e5 Nfd7 6. Bxe7 Qxe7 7. f4 a6 8. Nf3
Nc6 9. a3 b5 10. b4 Nb6 11. h3 Bb7 12. Qd2 O-O-O 13. Nd1 Nc4 14. Bxc4 dxc4 15.
c3 a5 16. Ne3 a4 17. O-O-O Na7 18. Qf2 Kb8 19. Nd2 f6 20. exf6 Qxf6 21. Rhf1
Qg6 22. Nf3 Be4 23. Ne5 Qe8 24. Rde1 Nc6 25. N3g4 Nxe5 26. Nxe5 Bd5 27. Re3 g6
28. Nf3 Rf8 29. g3 Qc6 30. Rfe1 Bxf3 31. Qxf3 Qxf3 32. Rxf3 Rd6 33. Rfe3 Re8
34. g4 Kc8 35. f5 gxf5 36. gxf5 Kd7 37. Kd2 Re7 38. Re5 Re8 39. Rxb5 exf5 40.
Rxe8 Kxe8 41. Rxf5 Rh6 42. Rf3 Ke7 43. Ke3 Ke6 44. Kf4 Rf6+ 45. Kg4 Rxf3 46.
Kxf3 c6 47. Kg4 Kf7 48. Kf5 Ke7 49. Ke5 h5 50. h4 Kd7 51. d5 cxd5 52. Kxd5 Kc7
53. Kxc4 Kb6 54. Kd5 Kb5 55. c4+ Kb6 56. c5+ Kc7 57. b5 Kb7 58. Kd6 Kc8 59. c6
Kb8 60. Kd7 Ka7 61. c7 Kb6 62. c8=Q Ka7 63. Qa6+ Kb8 64. Qxa4 Kb7 65. b6 Kxb6
66. Qb4+ 1-0

[Event "Aktiv-Alliancen 2000"]
[Site "Taastrup"]
[Date "2000.01.29"]
[Round "5"]
[White "Christensen, Aage"]
[Black "Madhy, Nezar"]
[Result "1/2-1/2"]
[WhiteElo "1506"]
[BlackElo "1666"]
[PlyCount "50"]
[EventDate "2000.??.??"]


1. e4 c5 2. c3 b6 3. d4 Bb7 4. d5 Nf6 5. Qc2 e6 6. c4 d6 7. Nc3 Be7 8. f4 O-O
9. Nf3 exd5 10. exd5 Re8 11. Be2 Ng4 12. Bd2 Bf6 13. Ne4 Bxb2 14. Rb1 Bf6 15.
O-O Bc8 16. Bd3 g6 17. h3 Nh6 18. Nxf6+ Qxf6 19. Rbe1 Rxe1 20. Rxe1 Bd7 21. Re4
Qd8 22. Be1 Bf5 23. Re2 Nd7 24. g4 Bxd3 25. Qxd3 f6 1/2-1/2

[Event "Aktiv-Alliancen 2000"]
[Site "Taastrup"]
[Date "2000.01.29"]
[Round "5"]
[White "Hau, Helge"]
[Black "Foslund, Peter"]
[Result "0-1"]
[WhiteElo "1463"]
[BlackElo "1576"]
[PlyCount "74"]
[EventDate "2000.??.??"]


1. f4 c5 2. Nf3 Nc6 3. b3 Nf6 4. g3 g6 5. Bb2 Bg7 6. Ne5 Nxe5 7. fxe5 Ng4 8. e3
Nxe5 9. d4 cxd4 10. exd4 Nc6 11. c3 d5 12. Bb5 Bd7 13. Qf3 e6 14. O-O O-O 15.
Ba3 Ne7 16. Bd3 e5 17. dxe5 Bxe5 18. Re1 f6 19. Bxe7 Qxe7 20. Qxd5+ Be6 21. Qf3
Rad8 22. Be4 b6 23. Kg2 Rd6 24. Qe3 Rfd8 25. h4 Qd7 26. Na3 Rd2+ 27. Re2 Rxe2+
28. Qxe2 Bxc3 29. Rb1 Qd2 30. Qxd2 Rxd2+ 31. Kf3 f5 32. Bc2 Bb4 33. Ke3 Rh2 34.
Nb5 Rxc2 35. Nxa7 Rxa2 36. Nc6 Bc5+ 37. Kd3 Rg2 0-1

[Event "Aktiv-Alliancen 2000"]
[Site "Taastrup"]
[Date "2000.01.29"]
[Round "5"]
[White "Traerup, Jorgen"]
[Black "Radovic, Slobodan"]
[Result "1-0"]
[WhiteElo "1189"]
[BlackElo "1483"]
[PlyCount "105"]
[EventDate "2000.??.??"]


1. e4 g6 2. Nf3 d6 3. Bc4 e5 4. h3 Nf6 5. Nc3 Bg7 6. d3 O-O 7. Bg5 c6 8. a4 h6
9. Be3 Qe7 10. Rb1 Be6 11. Ba2 Nbd7 12. Ra1 d5 13. exd5 Nxd5 14. Qc1 Nxe3 15.
Qxe3 Bxa2 16. Rxa2 Rfe8 17. O-O Qc5 18. Qxc5 Nxc5 19. Re1 f5 20. Nd2 e4 21.
dxe4 Bxc3 22. bxc3 Nxe4 23. Nxe4 Rxe4 24. Rxe4 fxe4 25. Rb2 b6 26. Rb4 Re8 27.
Kf1 Kf7 28. Ke2 c5 29. Rc4 a5 30. Ke3 Kf6 31. Rxe4 Rd8 32. Ke2 Rd6 33. g4 g5
34. Re3 c4 35. Re4 Rc6 36. Ke3 Rc5 37. Kd4 Kf7 38. Re5 Rxe5 39. Kxe5 b5 40.
axb5 a4 41. b6 a3 42. b7 a2 43. b8=Q a1=Q 44. Qc7+ Kg6 45. Qd6+ Kh7 46. Kf5
Qa5+ 47. Qe5 Qa7 48. Ke4 Qxf2 49. Qf5+ Qxf5+ 50. Kxf5 Kg7 51. Ke5 Kg6 52. Kd4
h5 53. Kxc4 1-0

[Event "Aktiv-Alliancen 2000"]
[Site "Taastrup"]
[Date "2000.01.29"]
[Round "5"]
[White "Engel, Christian"]
[Black "Adamsen, Kim Rud"]
[Result "1-0"]
[WhiteElo "1445"]
[BlackElo "1386"]
[PlyCount "63"]
[EventDate "2000.??.??"]


1. e4 c6 2. d4 d5 3. e5 Bf5 4. Bd3 Bxd3 5. Qxd3 e6 6. Nf3 Ne7 7. c3 Qb6 8. Na3
Ng6 9. Nc2 Nd7 10. O-O Be7 11. Bd2 f6 12. exf6 Nxf6 13. Ng5 Nf8 14. Rfe1 Kd7
15. Qh3 c5 16. dxc5 Bxc5 17. Be3 Re8 18. Bxc5 Qxc5 19. Nd4 Qb6 20. Re2 h6 21.
Rae1 Ne4 22. Nxe4 dxe4 23. Rxe4 g5 24. Rd1 Kc7 25. Qg3+ Kc8 26. Nf5 Rd8 27.
Rc4+ Qc6 28. Rxc6+ bxc6 29. Ne7+ Kb7 30. Rxd8 Rh7 31. Rb8+ Ka6 32. Qd3+ 1-0

[Event "Aktiv-Alliancen 2000"]
[Site "Taastrup"]
[Date "2000.01.29"]
[Round "5"]
[White "Jacobsen, Jesper Howalt"]
[Black "Helleberg, Jorgen"]
[Result "0-1"]
[WhiteElo "1000"]
[BlackElo "1270"]
[PlyCount "66"]
[EventDate "2000.??.??"]


1. d4 d5 2. Nf3 Nf6 3. Bg5 e6 4. e3 Be7 5. Nbd2 O-O 6. Bxf6 Bxf6 7. Be2 Nd7 8.
c3 c6 9. Qc2 e5 10. dxe5 Nxe5 11. Nxe5 Bxe5 12. Nf3 Bf6 13. Bd3 h6 14. h3 Re8
15. O-O-O a5 16. g4 b5 17. Rdg1 b4 18. h4 bxc3 19. bxc3 Qe7 20. Kd2 Qa3 21. Nd4
Bxd4 22. exd4 Rb8 23. Rb1 Bxg4 24. Rhg1 Bf3 25. Rge1 Qd6 26. Be2 Qf4+ 27. Kd1
Be4 28. Bd3 Bf3+ 29. Be2 Bxe2+ 30. Rxe2 Rxb1+ 31. Qxb1 Rxe2 32. Kxe2 Qg4+ 33.
Ke1 Qg1+ 0-1

[Event "Aktiv-Alliancen 2000"]
[Site "Taastrup"]
[Date "2000.01.29"]
[Round "5"]
[White "Pedersen, Andre"]
[Black "Jensen, Alexander Lindberg"]
[Result "1-0"]
[WhiteElo "1150"]
[BlackElo "1257"]
[PlyCount "47"]
[EventDate "2000.??.??"]


1. d4 d5 2. c4 c6 3. Nf3 Nf6 4. Nc3 e6 5. Bf4 Bd6 6. Be5 Nbd7 7. Bxd6 Nb6 8. c5
Nc4 9. b3 Nxd6 10. cxd6 Qxd6 11. Ne5 Bd7 12. e3 h6 13. Be2 Ne4 14. Nxe4 dxe4
15. O-O O-O-O 16. Nxf7 Qe7 17. Nxd8 Rxd8 18. Qc2 Kb8 19. Qxe4 Rf8 20. Rac1 Qg5
21. Rc5 b6 22. Rxg5 hxg5 23. Qe5+ Kb7 24. Qxg7 1-0

[Event "Aktiv-Alliancen 2000"]
[Site "Taastrup"]
[Date "2000.01.29"]
[Round "6"]
[White "Nohr, Finn"]
[Black "Danielsen, Heini"]
[Result "1/2-1/2"]
[WhiteElo "2116"]
[BlackElo "2135"]
[PlyCount "37"]
[EventDate "2000.??.??"]


1. e4 c5 2. c3 d5 3. exd5 Qxd5 4. d4 Nf6 5. Nf3 Bg4 6. Be2 e6 7. h3 Bh5 8. O-O
Nc6 9. Be3 cxd4 10. cxd4 Be7 11. Nc3 Qd6 12. a3 O-O 13. Qb3 Rfd8 14. Rfd1 Rac8
15. Rac1 Nd5 16. Nxd5 Qxd5 17. Qxd5 Rxd5 18. g4 Bg6 19. Ne5 1/2-1/2

[Event "Aktiv-Alliancen 2000"]
[Site "Taastrup"]
[Date "2000.01.29"]
[Round "6"]
[White "Pallesen, Jacob"]
[Black "Bjorntoft, Peter"]
[Result "0-1"]
[WhiteElo "2075"]
[BlackElo "2227"]
[PlyCount "104"]
[EventDate "2000.??.??"]


1. d4 Nf6 2. c4 e6 3. Nc3 Bb4 4. Bg5 h6 5. Bh4 c5 6. d5 b5 7. dxe6 fxe6 8. e3
bxc4 9. Bxc4 d5 10. Bb5+ Bd7 11. Qa4 O-O 12. Nge2 Bxb5 13. Qxb5 Qb6 14. Qxb6
axb6 15. O-O Nc6 16. Nb5 Kf7 17. a3 Ba5 18. Bg3 Ne4 19. Bc7 Na7 20. Nd6+ Nxd6
21. Bxd6 Rfd8 22. Bg3 b5 23. Rac1 Rac8 24. Rfd1 b4 25. axb4 Bxb4 26. Nf4 Nc6
27. Nd3 c4 28. Ne5+ Kf6 29. Nxc6 Rxc6 30. Ra1 Bd6 31. Bxd6 Rcxd6 32. Kf1 Rb8
33. Ra2 e5 34. Ke2 Ke6 35. Rd2 Rdb6 36. Kd1 Kd6 37. Kc1 Kc5 38. Ra7 R8b7 39.
Ra8 Rb8 40. Ra7 R6b7 41. Ra5+ Rb5 42. Ra7 R8b7 43. Ra8 Rd7 44. Re8 Kd6 45. e4
d4 46. f4 d3 47. f5 Ra7 48. Re6+ Kd7 49. Kb1 Rba5 50. b3 Ra1+ 51. Kb2 R7a2+ 52.
Kc3 Rc1+ 0-1

[Event "Aktiv-Alliancen 2000"]
[Site "Taastrup"]
[Date "2000.01.29"]
[Round "6"]
[White "Christensen, Bo Garner"]
[Black "Petersen, Steen Brustrup"]
[Result "1-0"]
[WhiteElo "2204"]
[BlackElo "2174"]
[PlyCount "163"]
[EventDate "2000.??.??"]


1. e4 e5 2. Nf3 Nc6 3. Bb5 a6 4. Ba4 Nf6 5. O-O Be7 6. Re1 b5 7. Bb3 O-O 8. c3
d6 9. h3 Bb7 10. d4 Re8 11. Nbd2 Bf8 12. a3 h6 13. Bc2 g6 14. b3 Nh5 15. Nf1
Bg7 16. N1h2 Qe7 17. Ng4 Kh7 18. Be3 Nf6 19. d5 Nb8 20. Qd2 Nxg4 21. hxg4 c6
22. c4 Nd7 23. g3 Nf6 24. Nh2 Qd7 25. f3 Rac8 26. Kg2 cxd5 27. cxd5 Qc7 28.
Rac1 Qc3 29. Qxc3 Rxc3 30. Bd2 Rcc8 31. Rh1 Kg8 32. g5 hxg5 33. Bxg5 Nd7 34.
Ng4 f6 35. Bd2 Kf7 36. Bb4 Nc5 37. Nf2 Rh8 38. Rxh8 Bxh8 39. Bd1 Bg7 40. f4 f5
41. Bf3 fxe4 42. Bxe4 exf4 43. gxf4 Bd4 44. Bxc5 Rxc5 45. Rxc5 dxc5 46. Nd3 c4
47. bxc4 bxc4 48. Nb4 Bc5 49. Kf3 a5 50. Nc2 Kf6 51. Ne3 Bxa3 52. Nxc4 Bb4 53.
Ke3 a4 54. Kd4 a3 55. Bb1 g5 56. fxg5+ Kxg5 57. Ke5 Ba6 58. Ne3 Bd2 59. Nc2 Bc4
60. Nxa3 Bf4+ 61. Ke6 Be2 62. Be4 Bg4+ 63. Ke7 Bd2 64. d6 Kf4 65. Bc6 Bb4 66.
Nc4 Be2 67. Nb6 Bc5 68. Nd7 Ba3 69. Ba4 Bg4 70. Nf8 Ke5 71. Ng6+ Kd5 72. Bb3+
Kd4 73. Ba2 Kd3 74. Ne5+ Ke3 75. Nxg4+ Kf4 76. Nf6 Kf5 77. Ne8 Ke5 78. Kd7 Kd4
79. Kc7 Ke5 80. d7 Bb4 81. Kc6 Ba5 82. Nc7 1-0

[Event "Aktiv-Alliancen 2000"]
[Site "Taastrup"]
[Date "2000.01.29"]
[Round "6"]
[White "Nolsoe, Eydun"]
[Black "Jorgensen, Brian"]
[Result "1-0"]
[WhiteElo "2184"]
[BlackElo "2198"]
[PlyCount "69"]
[EventDate "2000.??.??"]


1. e4 d5 2. exd5 Qxd5 3. Nc3 Qa5 4. d4 Nf6 5. Nf3 Bf5 6. Bc4 e6 7. Bd2 Bb4 8.
O-O c6 9. Re1 O-O 10. Qe2 Nbd7 11. a3 Bxc3 12. Bxc3 Qc7 13. b4 Nd5 14. Bb2 a5
15. c3 Nf4 16. Qd2 Nb6 17. Bf1 Na4 18. Bc1 Nd5 19. c4 Nf6 20. Nh4 Bg4 21. h3
Bh5 22. g4 Bg6 23. Nxg6 hxg6 24. Qc2 Nb6 25. Be3 Rfd8 26. Bg2 Rd7 27. Qb3 a4
28. Qc2 Qd8 29. Rab1 Nc8 30. b5 cxb5 31. Rxb5 Nd6 32. Rb4 Qa5 33. Reb1 Qa6 34.
c5 Rc8 35. Rxa4 1-0

[Event "Aktiv-Alliancen 2000"]
[Site "Taastrup"]
[Date "2000.01.29"]
[Round "6"]
[White "Jensen, Soren G"]
[Black "Foslund, Kasper"]
[Result "1-0"]
[WhiteElo "2161"]
[BlackElo "1178"]
[PlyCount "71"]
[EventDate "2000.??.??"]


1. d4 d5 2. c4 dxc4 3. e4 e6 4. Bxc4 c5 5. d5 exd5 6. Bxd5 Nf6 7. Bxf7+ Ke7 8.
Qxd8+ Kxd8 9. Nc3 Bd6 10. Bg5 Nbd7 11. O-O-O Ke7 12. Bb3 Nb6 13. Nd5+ Nbxd5 14.
Bxd5 h6 15. Bxf6+ Kxf6 16. Ne2 Bc7 17. f3 a5 18. Nc3 Bd8 19. h3 Ra6 20. Bc4 Ra8
21. f4 g6 22. e5+ Kg7 23. g4 b6 24. Nb5 Re8 25. Rhf1 Be6 26. Bxe6 Rxe6 27. Rd7+
Re7 28. Rfd1 Rxd7 29. Rxd7+ Kg8 30. Kd2 Bh4 31. Ke3 Re8 32. Ke4 Bg3 33. Nd6 Rb8
34. e6 Rf8 35. e7 Rxf4+ 36. Ke3 1-0

[Event "Aktiv-Alliancen 2000"]
[Site "Taastrup"]
[Date "2000.01.29"]
[Round "6"]
[White "Nielsen, Borge Hjerrild"]
[Black "Auchenberg, Per"]
[Result "1-0"]
[WhiteElo "2135"]
[BlackElo "2017"]
[PlyCount "76"]
[EventDate "2000.??.??"]


1. d4 c5 2. d5 e5 3. c4 d6 4. Nc3 Be7 5. e4 Nf6 6. Bd3 O-O 7. Nge2 Nh5 8. O-O
Bg5 9. a3 Bxc1 10. Qxc1 Qf6 11. f3 Na6 12. Rb1 Bd7 13. b4 Rac8 14. Qd2 b6 15.
Rfc1 Nf4 16. Nxf4 exf4 17. Ne2 g5 18. Qc3 Qe7 19. g3 fxg3 20. hxg3 f5 21. Kg2
g4 22. exf5 gxf3+ 23. Kxf3 Rce8 24. Nf4 Qe3+ 25. Kg2 Bxf5 26. Bxf5 Rxf5 27. Rb3
Qxc3 28. Rcxc3 Re1 29. b5 Nc7 30. Re3 Re5 31. Rxe1 Rxe1 32. Rc3 Re4 33. Kf3 Re5
34. a4 a5 35. Re3 Rxe3+ 36. Kxe3 Kf7 37. Ke4 Kf6 38. g4 h6 1-0

[Event "Aktiv-Alliancen 2000"]
[Site "Taastrup"]
[Date "2000.01.29"]
[Round "6"]
[White "Dalso, Harry"]
[Black "Simonsen, Per Barndorff"]
[Result "1/2-1/2"]
[WhiteElo "1718"]
[BlackElo "1901"]
[PlyCount "61"]
[EventDate "2000.??.??"]


1. e4 e5 2. Bc4 Nc6 3. Nc3 Nf6 4. d3 Bc5 5. Nf3 d6 6. Bg5 h6 7. Bd2 a6 8. h3
Bd7 9. Ne2 b5 10. Bb3 a5 11. c3 a4 12. Bc2 d5 13. O-O Qc8 14. Ng3 d4 15. Kh2 g5
16. Ng1 Ne7 17. Nh5 Ra6 18. b4 Ba7 19. Qf3 Nxh5 20. Qxh5 Ng6 21. Bd1 dxc3 22.
Bxc3 Nf4 23. Qf3 Re6 24. Ne2 Nxe2 25. Bxe2 Qd8 26. Qg3 Bd4 27. Bxd4 exd4 28.
Bg4 Re7 29. Rac1 Bxg4 30. Qxg4 Qd6+ 31. Qg3 1/2-1/2

[Event "Aktiv-Alliancen 2000"]
[Site "Taastrup"]
[Date "2000.01.29"]
[Round "6"]
[White "Tolstrup, Thomas"]
[Black "Schmidt, Horst Hubert"]
[Result "1-0"]
[WhiteElo "1882"]
[BlackElo "1718"]
[PlyCount "75"]
[EventDate "2000.??.??"]


1. c4 e5 2. g3 Nc6 3. Bg2 g6 4. Nc3 Nf6 5. e4 d6 6. Nge2 Bg7 7. O-O O-O 8. d3
Be6 9. Nd5 h6 10. f3 Kh7 11. Be3 Ne7 12. Qd2 Neg8 13. d4 c6 14. Nxf6+ Nxf6 15.
d5 cxd5 16. cxd5 Bd7 17. Rfc1 Nh5 18. Rc2 f5 19. Rac1 g5 20. exf5 Bxf5 21. Rc7
Bc8 22. Qd3+ Bf5 23. Qb3 Bc8 24. g4 Nf6 25. Ng3 b6 26. Qc2+ Kh8 27. Qc6 Bxg4
28. fxg4 Nxg4 29. Qb7 Nxe3 30. Rxg7 Qf6 31. Rh7+ Kg8 32. Be4 Rab8 33. Qc7 Rbe8
34. Nf5 Nxf5 35. Bxf5 e4 36. Rf1 Qd4+ 37. Kg2 Rxf5 38. Rxf5 1-0

[Event "Aktiv-Alliancen 2000"]
[Site "Taastrup"]
[Date "2000.01.29"]
[Round "6"]
[White "Hansen, Rasmus Agertoft"]
[Black "Thogersen, Kim"]
[Result "0-1"]
[WhiteElo "1936"]
[BlackElo "1636"]
[PlyCount "110"]
[EventDate "2000.??.??"]


1. g3 g6 2. d4 d5 3. Bg2 Bg7 4. Nf3 Nf6 5. O-O O-O 6. c4 c6 7. Nc3 Nbd7 8. Re1
dxc4 9. e4 Nb6 10. Be3 Bg4 11. Qd2 Re8 12. Ne5 Be6 13. a4 a5 14. f4 Ng4 15.
Nxg4 Bxg4 16. h3 Bc8 17. Rad1 e6 18. Qf2 Ra6 19. Bf1 f5 20. e5 Ra8 21. Bc1 Qc7
22. Be2 Bf8 23. Qf1 Nd5 24. Bxc4 Bd7 25. Be2 Rad8 26. Kh2 Bc8 27. Bc4 Bd7 28.
Qe2 Bb4 29. Bd2 Qb6 30. Na2 Bf8 31. Bc3 Bc8 32. Bxd5 Rxd5 33. Qc4 Red8 34. Nc1
Qc7 35. Re3 Qd7 36. Qb3 Qc7 37. Red3 c5 38. Qc4 b6 39. Ne2 Qa7 40. dxc5 Ba6 41.
Rxd5 Bxc4 42. Rxd8 Bxe2 43. R1d7 Qa6 44. c6 Bf1 45. Kg1 Bxh3 46. Rd3 Qc4 47.
Kh2 Qxc6 48. Rd2 Bf1 49. Kg1 Bc4 50. Rc2 Qf3 51. Kh2 Bd5 52. Kh3 Qf1+ 53. Kh4
Qh1+ 54. Kg5 Qh6+ 55. Kf6 g5# 0-1

[Event "Aktiv-Alliancen 2000"]
[Site "Taastrup"]
[Date "2000.01.29"]
[Round "6"]
[White "Andersen, Nick Brix"]
[Black "Moller, Arne Vagn"]
[Result "1/2-1/2"]
[WhiteElo "1450"]
[BlackElo "1805"]
[PlyCount "60"]
[EventDate "2000.??.??"]


1. d4 Nf6 2. c4 e6 3. Nc3 Bb4 4. Bg5 d5 5. Nf3 O-O 6. e3 b6 7. Bd3 dxc4 8. Bxc4
Bb7 9. O-O Be7 10. Rc1 Ne4 11. Bxe7 Qxe7 12. Nxe4 Bxe4 13. Nd2 Bb7 14. Qe2 Nd7
15. Bb5 Rfc8 16. Nb3 c6 17. Ba6 Bxa6 18. Qxa6 Rc7 19. Rc3 Rac8 20. Rfc1 g6 21.
f3 Qg5 22. Kf2 Qh4+ 23. Kg1 Qg5 24. Kf2 Qh4+ 25. Kg1 Qg5 26. Nd2 Nf6 27. Ne4
Nxe4 28. fxe4 Qh4 29. Qd3 Qe7 30. a3 h5 1/2-1/2

[Event "Aktiv-Alliancen 2000"]
[Site "Taastrup"]
[Date "2000.01.29"]
[Round "6"]
[White "Pedersen, Bent O"]
[Black "Kaaber Hansen, Jacob"]
[Result "0-1"]
[WhiteElo "1751"]
[BlackElo "1703"]
[PlyCount "138"]
[EventDate "2000.??.??"]


1. e4 c5 2. Nf3 Nc6 3. d4 cxd4 4. Nxd4 g6 5. Nc3 Bg7 6. Be3 Nf6 7. f3 O-O 8.
Qd2 d5 9. O-O-O dxe4 10. Nxc6 Qxd2+ 11. Rxd2 bxc6 12. fxe4 Be6 13. Be2 Nd7 14.
Na4 Nb6 15. Nc5 Bc4 16. Rhd1 Bxe2 17. Rxe2 Nc4 18. Bd4 Bh6+ 19. Kb1 Rfd8 20.
Nb7 Rdb8 21. Nc5 a5 22. Ka1 a4 23. Rd3 Bc1 24. b3 axb3 25. cxb3 Nd6 26. Rc2 Bh6
27. Be5 Rd8 28. Kb1 Bf8 29. Na4 Nxe4 30. Rxd8 Rxd8 31. Rxc6 f6 32. Bb2 e5 33.
Nc3 Nd2+ 34. Kc2 f5 35. Bc1 Nf1 36. h3 Rd7 37. a4 Kf7 38. a5 Ra7 39. a6 e4 40.
Nb5 Rd7 41. a7 Rd8 42. Nc7 e3 43. Re6 Bc5 44. a8=Q Rxa8 45. Nxa8 Kxe6 46. Nc7+
Ke5 47. Kd3 f4 48. Bb2+ Kf5 49. Bc3 g5 50. b4 Bd6 51. Nb5 Be5 52. Be1 h5 53.
Ke2 Nh2 54. Na3 Ke4 55. b5 Kd4 56. Bb4 Bc7 57. Nc2+ Ke4 58. Bc5 g4 59. b6 f3+
60. gxf3+ gxf3+ 61. Kd1 e2+ 62. Kd2 Nf1+ 63. Kc3 Be5+ 64. Kb4 Kd5 65. Kb5 Nd2
66. b7 Ne4 67. Nb4+ Ke6 68. Nd3 Bb8 69. Kc4 Nxc5 0-1

[Event "Aktiv-Alliancen 2000"]
[Site "Taastrup"]
[Date "2000.01.29"]
[Round "6"]
[White "Foslund, Peter"]
[Black "Nielsen, Dagh"]
[Result "1-0"]
[WhiteElo "1576"]
[BlackElo "1744"]
[PlyCount "99"]
[EventDate "2000.??.??"]


1. c4 Nf6 2. Nc3 c5 3. Nf3 Nc6 4. g3 g6 5. Bg2 Bg7 6. d3 O-O 7. O-O Rb8 8. Rb1
h6 9. Bd2 d6 10. a3 a5 11. Qc1 Kh7 12. Qe1 Ra8 13. h3 Ne8 14. Nd5 e6 15. Nc3 f5
16. h4 Nf6 17. e4 Ng4 18. Ne2 Nce5 19. Nxe5 dxe5 20. Nc1 Ra7 21. f3 Nf6 22. b4
axb4 23. axb4 b6 24. bxc5 bxc5 25. Be3 Nd7 26. Bf2 Re8 27. Rb5 Bf8 28. Qc3 Qc7
29. Nb3 Bb7 30. Ra1 Rxa1+ 31. Qxa1 Ra8 32. Ra5 Rb8 33. Qa3 Bxe4 34. fxe4 Rxb3
35. Qxb3 Qxa5 36. Qb7 Qd8 37. exf5 Qe7 38. fxg6+ Kxg6 39. Be4+ Kf6 40. Bc6 e4
41. Qxd7 Qxd7 42. Bxd7 exd3 43. Be3 e5 44. g4 e4 45. Kf1 Ke5 46. g5 hxg5 47.
hxg5 Kd6 48. Bf5 Ke5 49. Bh7 Bg7 50. Ke1 1-0

[Event "Aktiv-Alliancen 2000"]
[Site "Taastrup"]
[Date "2000.01.29"]
[Round "6"]
[White "Holst, Thorsten"]
[Black "Nielsen, Michael"]
[Result "0-1"]
[WhiteElo "1411"]
[BlackElo "1719"]
[PlyCount "92"]
[EventDate "2000.??.??"]


1. e4 c5 2. Nf3 e6 3. d4 cxd4 4. Nxd4 Nf6 5. Nc3 Bb4 6. Bd3 e5 7. Nf3 d5 8.
Bb5+ Nc6 9. exd5 Qa5 10. O-O Bxc3 11. Bxc6+ bxc6 12. bxc3 cxd5 13. Nxe5 Qxc3
14. Bf4 O-O 15. Qd3 d4 16. Qg3 Qxc2 17. Bh6 Nh5 18. Qg5 Qf5 19. g4 Qxg5 20.
Bxg5 f6 21. Nc6 fxg5 22. gxh5 d3 23. Rfd1 Bg4 24. Rxd3 Bxh5 25. Rd7 Rf7 26.
Rxf7 Bxf7 27. a3 a6 28. Re1 Kf8 29. Re5 h6 30. Rf5 Ke8 31. Re5+ Kd7 32. Re7+
Kxc6 33. Rxf7 Rg8 34. Rf5 Rb8 35. Rf7 Rb7 36. Rf5 Rd7 37. Re5 g6 38. Kg2 g4 39.
Ra5 Kb6 40. Re5 Rc7 41. Kg3 h5 42. h3 Rc3+ 43. Re3 Rxe3+ 44. fxe3 gxh3 45. Kxh3
Kc5 46. Kh4 Kd5 0-1